000 00350nam a22001337a 4500
082 _aCP-01
100 _aZulfiqar Ali syed, Maj
_950852
245 _aProfessional Ethics
_cspring semester
250 _aOD-76/CED-78
260 _aMCE
_bZulfiqar Ali syed, Maj
_c2015
526 _a0
_b0
_c0
_dCP_01
650 _aCourse pack
_950853
942 _2ddc
_cBKB
999 _c553582
_d553582